Namenstage Juli - Statistiken

Allgemein
  • Dieses Quiz wurde 17 mal gespielt
  • Das Durchschnittsergebnis liegt bei 77 aus 144
Antwortstatistiken
Tag\Juli 📍 Vorname(n) % Korrekt
J.h.n..s ♂️ Johannes
100%
J.h.n..s ♂️ Johannes*
100%
2. Juli O..o ♂️ Otto
100%
W..h..m ♂️ Wilhelm
100%
W..h..m ♂️ Wilhelm*
100%
8. Juli Am.l.e ♀️ Amelie
91%
Ol.v.r ♂️ Oliver
91%
Ol.v.r ♂️ Oliver*
91%
3. Juli T..m.s ♂️ Thomas
91%
T..m.s ♂️ Thomas*
91%
17. Juli Al.x.s ♀️♂️ Alexis
82%
A..a ♀️ Anna
82%
A..e ♀️ Anne
82%
13. Juli A..o ♂️ Arno
82%
B.r.h..d ♂️ Bernhard
82%
23. Juli B..g.t ♀️ Birgit
82%
El.o.o.e ♀️ Eleonore
82%
El.s.b..h ♀️ Elisabeth
82%
E..k ♂️ Erik
82%
12. Juli F.l.x ♂️ Felix
82%
J.k.b ♂️ Jakob
82%
J.l.a ♀️ Julia
82%
R.d..f ♂️ Rudolf
82%
U.e ♂️ Uwe
82%
1. Juli Aa..n ♂️ Aaron
73%
B.n.o ♂️ Benno
73%
27. Juli B.r.h..d ♂️ Berthold
73%
B.r.h..d ♂️ Bertold
73%
B..g.t.e ♀️ Brigitte
73%
14. Juli B.u.o ♂️ Bruno
73%
21. Juli D.n..l ♂️ Daniel
73%
D.e.r..h ♂️ Dietrich
73%
9. Juli D.e.r..h ♂️ Dietrich*
73%
Er..h ♂️ Erich
73%
F.i.d...h ♂️ Friedrich
73%
H.i.r..h ♂️ Heinrich
73%
30. Juli I..e ♀️ Inge
73%
I.g.b..g ♀️ Ingeborg
73%
I.g.b..g ♀️ Ingeburg
73%
L.l.i ♀️ Lilli
73%
M.r.a ♀️ Maria
73%
M.r.a ♀️ Maria*
73%
Ot..l.e ♀️ Ottilie
73%
U.r..h ♂️ Ulrich
73%
U.r..h ♂️ Ulrich*
73%
V.r.n..a ♀️ Veronika
73%
W..d.m.r ♂️ Waldemar
73%
26. Juli Ac..m ♂️ Achim
64%
10. Juli Al..a.d.r ♂️ Alexander
64%
19. Juli A.f..d ♂️ Alfred
64%
20. Juli An..g..t ♀️ Annegret
64%
15. Juli B.b.t.e ♀️ Babette
64%
29. Juli B.a.e ♀️ Beate
64%
B..t..x ♀️ Beatrix
64%
22. Juli Eb..h..d ♂️ Eberhard
64%
K.n.g.n.e ♀️ Kunigunde
64%
L.r..z ♂️ Lorenz
64%
M..g.r..e ♀️ Margarete
64%
M..g.t ♀️ Margit
64%
O..f ♂️ Olaf
64%
O..a ♀️ Olga
64%
O..a ♀️ Olga*
64%
R.l..d ♂️ Roland
64%
T.e.b..d ♂️ Theobald
64%
T.e.b..d ♂️ Theobald*
64%
T.t.s ♂️ Titus
64%
U.r..e ♀️ Ulrike
64%
V..z..z ♂️ Vinzenz
64%
18. Juli A.n..d ♂️ Arnold
55%
D.n.e.a ♀️ Daniela
55%
E.g.r ♂️ Edgar
55%
E..n ♂️ Egon
55%
E.v..a ♀️ Elvira
55%
E.g.n ♂️ Eugen
55%
H..m..n ♂️ Hermann
55%
J.a...m ♂️ Joachim
55%
L..n ♂️ Leon
55%
M..t.a ♀️ Martha
55%
P.t..s ♂️ Petrus
55%
P.t..s ♂️ Petrus*
55%
T..a ♀️ Tina
55%
An..t.e ♀️ Annette
45%
A.n..f ♂️ Arnulf
45%
11. Juli B.n.d..t ♂️ Benedikt
45%
C.a.l.t.e ♀️ Charlotte
45%
E..e ♀️ Else
45%
E.n.t ♂️ Ernst
45%
H.i.e ♀️ Heike
45%
H.i.e ♀️ Heike*
45%
I..g..d ♀️ Irmgard
45%
K.l..n ♂️ Kilian
45%
N.t.l.e ♀️ Natalie
45%
28. Juli A.a ♀️ Ada
36%
An..a ♀️ Anita
36%
A..a ♀️ Anja
36%
4. Juli B..t.a ♀️ Bertha
36%
16. Juli C..m.n ♀️ Carmen
36%
C.r..t.a.e ♀️ Christiane
36%
24. Juli C.r..t..a ♀️ Christina
36%
C.r..t..e ♀️ Christine
36%
D.n..d ♂️ Donald
36%
E.g..b..t ♂️ Engelbert
36%
F.a..e ♀️ Frauke
36%
H..m..e ♀️ Hermine
36%
I.n.z ♂️ Ignaz
36%
25. Juli J.c...l..e ♀️ Jacqueline
36%
J..l ♂️ Joel
36%
K..s..n ♂️ Karsten
36%
K..t ♂️ Knut
36%
K..s..n ♀️ Kristin
36%
K..a ♀️ Kyra
36%
L.i.e ♀️ Luise
36%
7. Juli O.o ♂️ Odo
36%
S..a ♀️ Sara
36%
T..a ♀️ Thea
36%
W.l.b..d ♂️ Willibald
36%
W..d.m.r ♂️ Wladimir
36%
A.t.e ♀️ Antje
27%
5. Juli A.t.n..s ♂️ Antonius
27%
C.r..t..h ♂️ Christoph
27%
31. Juli G..m.n ♂️ German
27%
H.l..e ♀️ Helene
27%
H.r.t ♂️ Horst
27%
K..s..n ♀️ Kerstin
27%
L..t.t.a | L..t.z.a ♀️ Laetitia | Laetizia
27%
L..r..t..s ♂️ Laurentius
27%
M.r..a ♀️ Marina
27%
M.r..a ♀️ Marina*
27%
M..d..d ♀️ Mildred
27%
M..a ♀️ Mira
27%
A.n..a ♀️ Annika
18%
E..a.t ♂️ Eckart
18%
G..z..a ♀️ Grażyna
18%
M..d.l..a ♀️ Magdalena
18%
N.n.t.e ♀️ Nanette
18%
H.t.o ♂️ Hatto
9%
L.k.n ♂️ Lukan
9%
M.d.l.i.e ♀️ Madeleine
9%
M..l..e ♀️ Marlene
9%
S..l.a ♀️ Stella
9%
6. Juli G..r ♂️ Goar
0%
M..l..n ♀️ Marleen
0%
R..o ♂️ Reto
0%
S.e.l.n.e ♀️ Sieglinde
0%
Keine übereinstimmenden Quizze gefunden
Verteilung der Resultate
Anzahl Personen mit jedem Resultat
Perzentil nach korrekt beantworteten Fragen
Ihre Resultats-Entwicklung
Sie haben dieses Quiz noch nicht gespielt